Największy sąsiad danego państwa - Statystyki

Ogólne statystyki
  • Ten quiz został rozwiązany 44 razy
  • Średni wynik to 13 z 15
Statystyki odpowiedzi
Państwo Największy sąsiad % Poprawnych
Hiszpania Francja
100%
Kazachstan Rosja
100%
Chile Argentyna
97%
Litwa Rosja
92%
Egipt Sudan
92%
Brazylia Argentyna
90%
Bośnia i Hercegowina Serbia
90%
Słowacja Ukraina
90%
Kuwejt Arabia Saudyjska
87%
Republika Środkowoafrykańska Demokratyczna Republika Konga
79%
Kostaryka Nikaragua
77%
Iran Pakistan
74%
Gwinea Równikowa Kamerun
69%
Armenia Iran
62%
Malawi Tanzania
51%
Nie znaleziono quizów pasujących do podanych kryteriów
Rozkład punktacji
Procent ludzi z każdym wynikiem
Percentyl według liczby udzielonych odpowiedzi
Twoja historia wyników
Nie rozwiązałeś tego quizu